[Event "Pardubice Czech op-B 29th"]
[Site "Pardubice"]
[Date "2018.07.26"]
[Round "7"]
[White "Rozmanov, Aleksandr"]
[Black "Brenninger, Daniel"]
[Result "1-0"]
[WhiteElo "2075"]
[BlackElo "1975"]
[PlyCount "47"]
[EventDate "2018.07.20"]
[EventType "swiss"]
[EventRounds "9"]
[EventCountry "CZE"]
[SourceTitle "CBM 186 Extra"]
[Source "ChessBase"]
[SourceDate "2018.08.24"]
[SourceVersion "1"]
[SourceVersionDate "2018.08.24"]
[SourceQuality "1"]

1. e4 e6 2. Nf3 d5 3. Nc3 Nf6 4. e5 Nfd7 5. d4 c5 6. dxc5 Nc6 7. Bf4 Bxc5 8. Bd3 a6 9. 0-0 h6 10. Bg3 g5 11. Re1 h5 12. h4 Be7 13. hxg5 Bxg5 14. Qe2 h4 15. Bh2 Nc5 16. Rad1 Bd7 17. a3 Bh6 18. Bf5 exf5 19. Nxd5 Ne4 20. Nf6+ Nxf6 21. exf6+ Kf8 22. Ne5 Nb8 23. Qh5 Qxf6 24. Rxd7 1-0

[Event "Sochi Doroshkevich Amateur op"]
[Site "Sochi"]
[Date "2017.12.26"]
[Round "7"]
[White "Rozmanov, Aleksandr"]
[Black "Chechetko, Georgy"]
[Result "1-0"]
[WhiteElo "2011"]
[BlackElo "1852"]
[PlyCount "73"]
[EventDate "2017.12.21"]
[EventType "swiss"]
[EventRounds "9"]
[EventCountry "RUS"]
[SourceTitle "CBM 182 Extra"]
[Source "ChessBase"]
[SourceDate "2018.02.23"]
[SourceVersion "1"]
[SourceVersionDate "2018.02.23"]
[SourceQuality "1"]

1. c4 Nf6 2. g3 g6 3. Bg2 Bg7 4. d4 0-0 5. Nc3 d6 6. Nf3 Nc6 7. 0-0 a6 8. d5 Na5 9. Qd3 c5 10. b3 Bf5 11. Qe3 b5 12. cxb5 axb5 13. Nh4 Ng4 14. Qf3 Nxb3 15. Nxf5 Ne5 16. Qf4 gxf5 17. Rb1 Nxc1 18. Rfxc1 b4 19. Nd1 Rxa2 20. Ne3 e6 21. g4 fxg4 22. Nxg4 Nxg4 23. Qxg4 Qf6 24. Rb3 Ra3 25. Rcb1 Qg6 26. Qc4 Kh8 27. Rd1 Rg8 28. Rg3 Rxg3 29. hxg3 Rb8 30. dxe6 Qxe6 31. Bd5 Qe5 32. Bxf7 Bf6 33. Rd5 Qc3 34. Qg4 b3 35. Rh5 b2 36. Rxh7+ Kxh7 37. Qg6+ 1-0

[Event "Voronezh op-B 21st"]
[Site "Voronezh"]
[Date "2017.06.17"]
[Round "6"]
[White "Tatarintsev, Egor"]
[Black "Rozmanov, Aleksandr"]
[Result "1/2-1/2"]
[WhiteElo "2085"]
[BlackElo "1928"]
[PlyCount "67"]
[EventDate "2017.06.12"]
[EventType "swiss"]
[EventRounds "9"]
[EventCountry "RUS"]
[SourceTitle "CBM 179 Extra"]
[Source "ChessBase"]
[SourceDate "2017.08.23"]
[SourceVersion "1"]
[SourceVersionDate "2017.08.23"]
[SourceQuality "1"]

1. e4 e5 2. Nf3 Nc6 3. Bb5 a6 4. Bxc6 dxc6 5. 0-0 f6 6. d4 exd4 7. Nxd4 c5 8. Ne2 Be6 9. a4 b6 10. Nbc3 Qxd1 11. Rxd1 Bd6 12. Bf4 0-0-0 13. Nd5 Bxd5 14. exd5 Ne7 15. Bxd6 Rxd6 16. a5 Rxd5 17. Rxd5 Nxd5 18. axb6 cxb6 19. Rxa6 Kb7 20. Ra3 Re8 21. Kf1 Re7 22. Rd3 Kc6 23. c3 b5 24. Rd2 g6 25. g3 Ra7 26. Ke1 Ra1+ 27. Rd1 Ra2 28. c4 Nc7 29. cxb5+ Nxb5 30. Rd2 Ra1+ 31. Rd1 Ra2 32. Rd2 Ra1+ 33. Rd1 Ra2 34. Ng1 1/2-1/2

[Event "Nezhmetdinov Memorial 39th"]
[Site "Kazan"]
[Date "2017.06.02"]
[Round "3"]
[White "Rozmanov, Aleksandr"]
[Black "Safin, Robert"]
[Result "1-0"]
[WhiteElo "2018"]
[BlackElo "1807"]
[PlyCount "113"]
[EventDate "2017.05.31"]
[EventType "swiss"]
[EventRounds "9"]
[EventCountry "RUS"]
[SourceTitle "EXT 2018"]
[Source "ChessBase"]
[SourceDate "2017.10.13"]
[SourceVersion "1"]
[SourceVersionDate "2017.10.13"]
[SourceQuality "1"]

1. e4 c5 2. Nf3 Nc6 3. d4 cxd4 4. Nxd4 Nxd4 5. Qxd4 d6 6. c4 Nf6 7. Nc3 g6 8. f3 Bg7 9. Be3 0-0 10. Qd2 Qa5 11. Rc1 Bd7 12. Be2 a6 13. 0-0 Rac8 14. Nd5 Qxd2 15. Nxe7+ Kh8 16. Bxd2 Rce8 17. Nd5 Nxd5 18. cxd5 Rc8 19. b3 Bb2 20. Rxc8 Rxc8 21. Bd3 Bd4+ 22. Kh1 Bc3 23. Be3 Bb2 24. Kg1 Kg8 25. Kf2 Rc3 26. Rd1 Ba3 27. Bd4 Bc5 28. Bxc5 Rxc5 29. Rd2 Rc3 30. Ke3 f6 31. Kd4 Rc1 32. Rc2 Rxc2 33. Bxc2 g5 34. g3 Kf7 35. f4 h6 36. e5 fxe5+ 37. fxe5 dxe5+ 38. Kxe5 Ke7 39. Bf5 Bb5 40. d6+ Kf7 41. Be6+ Ke8 42. g4 Be2 43. Kf6 h5 44. gxh5 Bxh5 45. Kxg5 Bf3 46. h4 Be4 47. h5 Bb1 48. a3 a5 49. h6 Bh7 50. Bf5 Bg8 51. Kf6 b5 52. Kg7 b4 53. axb4 axb4 54. Kxg8 Kd8 55. h7 Ke8 56. h8Q Kd8 57. Kf7# 1-0

[Event "Voronezh op-B 20th"]
[Site "Voronezh"]
[Date "2016.06.15"]
[Round "4"]
[White "Rozmanov, Aleksandr"]
[Black "Kurbanov, Nariman"]
[Result "1-0"]
[WhiteElo "1914"]
[BlackElo "1679"]
[PlyCount "53"]
[EventDate "2016.06.12"]
[EventType "swiss"]
[EventRounds "9"]
[EventCountry "RUS"]
[SourceTitle "EXT 2017"]
[Source "ChessBase"]
[SourceDate "2016.10.25"]
[SourceVersion "1"]
[SourceVersionDate "2016.10.25"]
[SourceQuality "1"]

1. e4 c5 2. Nf3 g6 3. d4 cxd4 4. Nxd4 Bg7 5. c4 Nc6 6. Be3 Nf6 7. Nc3 0-0 8. Be2 d6 9. 0-0 Bd7 10. Qd2 Nxd4 11. Bxd4 Bc6 12. f3 a5 13. b3 Nd7 14. Bxg7 Kxg7 15. Qd4+ Kg8 16. Nd5 Nc5 17. f4 Bxd5 18. exd5 Qb6 19. Kh1 Qb4 20. Qe3 Rfe8 21. f5 a4 22. Rab1 axb3 23. axb3 Ra2 24. Rf4 Rea8 25. fxg6 hxg6 26. Qxe7 Rf8 27. Rbf1 1-0

[Event "Urals-ch 74th"]
[Site "Khanty-Mansiysk"]
[Date "2016.03.25"]
[Round "3"]
[White "Rozmanov, Aleksandr"]
[Black "Drygalov, Andrey"]
[Result "0-1"]
[WhiteElo "1921"]
[BlackElo "2317"]
[PlyCount "74"]
[EventDate "2016.03.23"]
[EventType "swiss"]
[EventRounds "9"]
[EventCountry "RUS"]
[SourceTitle "CBM 171 Extra"]
[Source "ChessBase"]
[SourceDate "2016.04.26"]
[SourceVersion "1"]
[SourceVersionDate "2016.04.26"]
[SourceQuality "1"]

1. e4 c5 2. Nf3 e6 3. d4 cxd4 4. Nxd4 a6 5. c4 Nf6 6. Nc3 Qc7 7. a3 b6 8. Be2 Bb7 9. f3 Be7 10. 0-0 0-0 11. Be3 d6 12. Rc1 Nbd7 13. b4 Rac8 14. Qd2 Qb8 15. Rfd1 Bd8 16. Qa2 Bc7 17. Kh1 Kh8 18. Bg1 Rg8 19. Re1 g5 20. Bf1 Rg6 21. g3 Qa8 22. Bg2 Ne5 23. Qe2 Rcg8 24. Nb1 Rh6 25. Nd2 Qb8 26. Bf2 Qf8 27. Nf1 Ned7 28. Rc3 Qa8 29. Nb3 Ne5 30. Nd4 Rhg6 31. Kg1 Nh5 32. Kh1 Qf8 33. f4 Nxf4 34. gxf4 gxf4 35. Bh3 Qh6 36. Nf5 Qg5 37. Nd2 exf5 0-1